Κατάλογος Βιβλιοθηκών Mediterranean College

Διαχείριση Έργων (Record no. 8254)

MARC details
000 -LEADER
fixed length control field 02272cam a22002174a 4500
005 - ΗΜΕΡΟΜΗΝΙΑ ΚΑΙ ΩΡΑ ΤΕΛΕΥΤΑΙΑΣ ΕΝΗΜΕΡΩΣΗΣ
Πεδίο ελέγχου 20250605164331.0
008 - FIXED-LENGTH DATA ELEMENTS--GENERAL INFORMATION
Πεδίο ελέγχου σταθερού μήκους 250528s ||||||||||||||||||||||||d
035 ## - SYSTEM CONTROL NUMBER
System control number 23225
020 ## - ISBN
ISBN 9789606647666
040 ## - ΠΗΓΗ ΚΑΤΑΛΟΓΟΓΡΑΦΗΣΗΣ
Φορέας πρωτότυπης καταλογογράφησης MC Athens Campus Library
Γλώσσα καταλογογράφησης Ελληνικά, Μοντέρνα (1453-)
Modifying agency MC Athens Campus Library
Κανόνες περιγραφικής καταλογογράφησης AACR2
245 1# - ΤΙΤΛΟΣ ΚΑΙ ΔΗΛΩΣΗ ΥΠΕΥΘΥΝΟΤΗΤΑΣ
Τίτλος Διαχείριση Έργων
260 ## - PUBLICATION, DISTRIBUTION, ETC.
Name of publisher, distributor, etc. Επίκεντρο,
Date of publication, distribution, etc. 2008
300 ## - PHYSICAL DESCRIPTION
Extent 904
520 ## - SUMMARY, ETC.
Summary, etc. Βάση του παρόντος βιβλίου η εκπαίδευση στη διαχείριση των έργων θα πρέπει να είναι συστηματική, συγκροτημένη και αποτελεσματική. Πρόλογος, Εισαγωγή, Μηχανοτεχνία έναντι Διοίκησης, Προσέγγιση μέσω Διεργασιών της Διαχείρισης Έργου, Τεχνικοοικονομική Ανάλυση, Κοστολόγηση Κύκλου Ζωής, Κρησάρισμα και Επιλογή Έργου, Θεώρημα του Bayes για Διακριτά Αποτελέσματα, Πολυκριτήριες Μέθοδοι Απξιολόγησης, Σύγκριση Θεωρίας της Πολυκριτήριας Χρησιμότητας με την Αναλυτική Ιεραρχική Διαδικασία: Μελέτη Περίπτωσης, Αντικείμενο και Οργανωσιακή Δομή Έργου, Διαχείριση του Σχεδιασμού Προϊόντος και Διαδικασίας και Υποστήριξης, Χρονοπρογραμματισμός Έργου, Ανάλυση Παλινδρόμησησς Ελαχίστων Τετραγώνων, Πίνακες Καμπύλης Μάθησης, Συνάρτηση Κανονικής Κατανομής, Διαχείριση Πόρων, Εκτίμηση Απαιτήσεων Αιχμής σε Πόρους, Ο Προϋπολογισμός του Έργου, Έλεγχος του Έργου, Έργα Έρευνας και Ανάπτυξης, Πληροφορική Υποστήριξη για τη Διαχείριση Έργου, Τερματισμός Έργων.
700 1# - ΠΡΟΣΘΕΤΗ ΑΝΑΓΡΑΦΗ--ΦΥΣΙΚΟ ΠΡΟΣΩΠΟ
Personal name Bard F. Jonathan
9 (RLIN) 1413
700 1# - ΠΡΟΣΘΕΤΗ ΑΝΑΓΡΑΦΗ--ΦΥΣΙΚΟ ΠΡΟΣΩΠΟ
Personal name Globerson Shlomo
9 (RLIN) 1414
700 1# - ΠΡΟΣΘΕΤΗ ΑΝΑΓΡΑΦΗ--ΦΥΣΙΚΟ ΠΡΟΣΩΠΟ
Personal name Shtub Avraham
9 (RLIN) 1415
942 ## - ADDED ENTRY ELEMENTS (KOHA)
Koha item type Books
Holdings
Τύπος τεκμηρίου Βιβλιοθήκη Τρέχουσα τοποθεσία Barcode Αριθμός εισαγωγής Ημερομηνία απόκτησης Ταξιθετικό σύμβολο Αριθμός αντιτύπου Κατάσταση απόσυρσης Κατάσταση χαμένου Κατάσταση κατεστραμμένου Μη δανεισμός Σύνολο δανεισμών Ημερομηνία τελευταίας εμφάνισης Η τιμή ισχύει από
Books MC Athens Campus Library MC Athens Campus Library 9780000082534 7556 05/06/2025 658.404 SHT 1           05/06/2025 05/06/2025

MC Athens Campus Library
Πατησίων 94 & Κοδριγκτώνος 13, 104 34
Πελλήνης 8 & Πατησίων 107, 112 51
Τ: +30 210 8899600

MC Thessaloniki Campus Library
Ίωνος Δραγούμη 21, 54625 | Ίωνος Δραγούμη 15, 54625
Τ: +30 2310 287779 – Τ: +30 2314 440300